ZDOBYWCY GOLDEN BOY - Statystyki

Ogólne statystyki
  • Ten quiz został rozwiązany 110 razy
  • Średni wynik to 8 z 20
Statystyki odpowiedzi
Hint Odpowiedź % Poprawnych
2005 Messi
90%
2022 Gavi
84%
2021 Pedri
83%
2017 Mbappe
76%
2013 Pogba
41%
2004 Rooney
40%
2020 Håland
38%
2015 Martial
36%
2019 Felix
33%
2018 de Ligt
31%
2010 Balotelli
30%
2016 Sanches
28%
2007 Aguero
26%
2014 Sterling
26%
2011 Gotze
23%
2009 Pato
23%
2008 Anderson
21%
2012 Isco
17%
2006 Fabregas
16%
2003 der Vaart
6%
Nie znaleziono quizów pasujących do podanych kryteriów
Rozkład punktacji
Procent ludzi z każdym wynikiem
Percentyl według liczby udzielonych odpowiedzi
Twoja historia wyników
Nie rozwiązałeś tego quizu